Statistics for SCH Vocabulary Words

Click here to take the quiz!

General Stats

  • This quiz has been taken 62 times
  • The average score is 11 of 20

Answer Stats

definitionword% Correct
plan for a project including timingssch-----schedule
88%
delusional mental disordersch----------schizophrenia
84%
Eastern European beet soup---schborscht
82%
merit-earned payment towards tuitionsch--------scholarship
82%
sailing ship with two mastssch-----schooner
73%
have a hospital patient go home--sch----discharge
71%
dog breedsch------schnauzer
65%
forsake, avoid-sch--eschew
63%
to do with schoolssch-------scholastic
61%
slang for large nosesch----schnozz
59%
art that has over-garish poor taste---schkitsch
57%
a decent person (derived from Yiddish)---schmensch
51%
pre-euro currency of Austriasch------schilling
49%
division into opposing groupssch---schism
49%
over-sentimentalism, as in a soap operasch-----schmaltz
41%
cherry brandy---schkirsch
37%
in classical music, a light and playful movementsch----scherzo
29%
chat idly, gossipsch-----schmooze
29%
sudden overthrow of government---schputsch
24%
petty annoyance--sch---mischief
16%

Score Distribution

Percentile by Number Answered

Percent of People with Each Score

Your Score History

You have not taken this quiz